Lecciones de Parasitología / (Record no. 74779)

MARC details
000 -LEADER
campo de control de longitud fija 00595nam a2200181 i 4500
001 - NÚMERO DE CONTROL
campo de control 74779
003 - IDENTIFICADOR DE NÚMERO DE CONTROL
campo de control ES-MaACL
005 - FECHA Y HORA DE LA ÚLTIMA TRANSACCIÓN
campo de control 20230906172237.0
007 - CAMPO FIJO DE DESCRIPCIÓN FÍSICA--INFORMACIÓN GENERAL
campo de control de longitud fija t|
008 - DATOS DE LONGITUD FIJA--INFORMACIÓN GENERAL
campo de control de longitud fija 040921s1957 sp ||||1| spa d
100 1# - ENTRADA PRINCIPAL--NOMBRE DE PERSONA
Nombre de persona Gracia Dorado, Felipe.
9 (RLIN) 59467
245 10 - MENCIÓN DEL TÍTULO
Título Lecciones de Parasitología /
Mención de responsabilidad, etc. por Felipe Gracia Dorado, Jaime Gállego Berenguer, Juan Gil Collado.
260 ## - PUBLICACIÓN, DISTRIBUCIÓN, ETC.
Lugar de publicación, distribución, etc. Madrid :
Nombre del editor, distribuidor, etc. [s.n.,
Fecha de publicación, distribución, etc. 1957] (
Fabricante Gráf. C.I.O.)
300 ## - DESCRIPCIÓN FÍSICA
Extensión 2 t., 74 lám. ;
Dimensiones 24 cm.
700 1# - ENTRADA AGREGADA--NOMBRE PERSONAL
Nombre de persona Gállego Berenguer, Jaime.
9 (RLIN) 53551
700 1# - ENTRADA AGREGADA--NOMBRE PERSONAL
Nombre de persona Gil Collado, Juan.
9 (RLIN) 56782
852 ## - LOCALIZACIÓN
Ubicación ES-MaACL
Número de control de estantería C-16094-5
Sublocalización o colección R.43825
Holdings
Estatus retirado Estado de pérdida Estado de daño No para préstamo Biblioteca de origen Biblioteca actual Ubicación en estantería Fecha de adquisición Fuente de adquisición Total de préstamos Signatura topográfica completa Código de barras Visto por última vez Precio de reemplazo Tipo de ítem Koha
        Biblioteca del Ateneo de Madrid Biblioteca del Ateneo de Madrid Ficheros 17/01/2008     C-16094-5 1078276 23/02/2023 23/02/2023 Libro impreso